Kpop Album Quiz - Statistics

General Stats
  • This quiz has been taken 134 times
    51 since last reset
  • The average score is 7 of 16
Answer Stats
Picture Answer % Correct
5-Star
79%
Supernatural
72%
Antifragile
70%
Rosie
64%
Armageddon
62%
The Album
53%
I'll Like You
40%
It'z Me
36%
Golden Hour
34%
Proof
34%
The Name Chapter: Temptation
34%
BORDER: Day One
26%
Exodus
17%
Seventeenth Heaven
17%
The Dream Chapter: Star
17%
19.99
15%
No matching quizzes found
Score Distribution
Percent of People with Each Score
Percentile by Number Answered
Your Score History
You have not taken this quiz since the last reset